| 000 | 00873cam a2200301 a 4500 | ||
|---|---|---|---|
| 001 | 2878108 | ||
| 003 | LC | ||
| 005 | 20160308154614.0 | ||
| 008 | 860404s1986 nyub 000 1 eng | ||
| 010 | _a 86010027 | ||
| 020 | _a9780449205983 | ||
| 040 |
_aDLC _cDLC _dDLC |
||
| 050 | 0 | 0 |
_aPS 3562.U752 _b.L972 1948 |
| 082 | 0 | 0 |
_aFIC _bL97s 1986 |
| 100 | 1 |
_aLustbader, Eric. _920099 |
|
| 245 | 1 | 0 |
_aShan / _cEric Van Lustbader. |
| 250 | _a1st ed. | ||
| 260 |
_aNew York : _bRandom House, _cc1948. |
||
| 300 |
_a524 p. : _c18 cm. |
||
| 562 | _e1 | ||
| 650 | _aFathers and sons -- China -- Fiction. | ||
| 650 | _aMartial arts fiction. | ||
| 650 | _aChina -- Fiction. | ||
| 856 | 4 | 2 |
_3Publisher description _uhttp://www.loc.gov/catdir/description/random0412/86010027.html |
| 906 |
_a7 _bcbc _corignew _d1 _eocip _f19 _gy-gencatlg |
||
| 942 |
_2lcc _cBK |
||
| 999 |
_c11387 _d11387 |
||